NBA Teams by City - Statistics

General Stats
  • This quiz has been taken 68 times
  • The average score is 14 of 15
Answer Stats
Hint Answer % Correct
Los Angeles Lakers/Clippers
100%
New York Knicks
98%
Chicago Bulls
97%
Boston Celtics
97%
Miami Heat
97%
Dallas Mavericks
97%
Denver Nuggets
97%
Indianapolis Pacers
97%
Cleveland Cavaliers
95%
Orlando Magic
95%
Brooklyn Nets
95%
Detroit Pistons
95%
Milwaukee Bucks
93%
San Francisco Warriors
88%
Minneapolis Timberwolves
86%
No matching quizzes found
Score Distribution
Percent of People with Each Score
Percentile by Number Answered
Your Score History
You have not taken this quiz